000 00632nam a2200181Ia 4500
008 090124s9999 xx 000 0 und d
082 _b23952
_a1453
100 _aरणसिंग मोहन
245 _a तुमचे भवितव्य तुमच्या हाती
250 _a1
260 _c1983
300 _a268
600 _aरणसिंग मोहन
630 _a तुमचे भवितव्य तुमच्या हाती
700 _aरणसिंग मोहन
730 _a तुमचे भवितव्य तुमच्या हाती
942 _cBOOK
999 _c137532
_d137532